000 00850nmm a2200265 a 4500
001 ocm0001703137
003 TR-IsHL
005 20201028170309.0
008 180107s2017 tu eng
007 cr cn
020 _a9786059496469
035 _a1703137
_b(N$T)
050 0 4 _aPZ8
_b.S74 2017
090 0 4 _aPZ8
_b.S74 2017
100 1 _aSteel, Flora Annie
245 1 0 _aEnglish fairy tales
_h[electronic resource] /
_cFlora Annie Steel
260 _aİstanbul :
_bE-Kitap Projesi & Cheapest Books ,
_c2017
300 _a411 p.
650 4 _aDil ve Edebiyat
650 4 _aLanguage and Literature
650 0 _aPeri masalı
650 0 _aFairy tales
650 7 _aJUVENILE FICTION / Fairy Tales & Folklore / General
_2bisacsh
856 4 0 _uhttp://search.ebscohost.com/login.aspx?direct=true&scope=site&db=e011xww&AN=1703137
999 _c16194
_d16194